MARC

LEADER 00000nam0a2200000 4500
001 18137
005 20231030191159.0
035 |a (RuTPU)RU\TPU\book\18286 
035 |a BOOK00018355 
090 |a 18137 
100 |a 20011209d1953 km y0rusy50 ca 
101 0 |a rus 
102 |a RU 
105 |a y z 000zd 
200 1 |a Экономические взгляды Герцена и Огарева  |f Е. М. Филатова 
210 |a Москва  |c Госполитиздат  |d 1953 
215 |a 384 с. 
600 1 |a Герцен  |g Александр Иванович  |f 1812-1870  |c российский революционер  |c писатель  |c философ  |b А. И.  |2 stltpui  |3 (RuTPU)RU\TPU\pers\286 
600 1 |a Огарев  |b Н. П.  |c русский поэт  |f 1813-1877  |g Николай Платонович  |c революционер  |c публицист  |2 stltpush  |3 (RuTPU)RU\TPU\pers\11942 
610 1 |a экономика 
610 1 |a экономическая история 
610 1 |a Россия 
610 1 |a экономическая мысль 
610 1 |a 19 век 
675 |a 33  |v 3 
686 |a Ч611.68  |v LBC/SL-A  |2 rubbk 
700 1 |a Филатова  |b Е. М. 
801 0 |a RU  |b 63413507  |c 20011209  |g PSBO 
801 2 |a RU  |b 63413507  |c 20050624  |g PSBO 
942 |c BK